000 00692cam a2200253 a 4500
999 _c528249
_d528249
001 3295270
003 NUST
038 _aMsohail
040 _aDLC
_cDLC
_dDLC
043 _an-us---
050 0 0 _aHC106.8
_b.A42 1984
082 0 0 _a363.0973
_219
_bVAU
100 1 _aRoger J. Vaughan
_919942
245 1 0 _aRebuilding America /
250 _a2nd ed.
260 _aNew York :
_bThe Worldbank
_c[1983]
300 _axi, 234 p. ;
_c25 cm.
500 _aIncludes index.
504 _aBibliography: p. 283-305.
651 0 _aUnited States
_xEconomic policy
_y1981-1993.
_919943
700 1 _aFaux, Geoffrey P.
_919944
906 _a7
_bcbc
_corignew
_d1
_eocip
_f19
_gy-gencatlg
942 _2ddc
_cBK